|
|
|
|
| LEADER |
01804nam a2200349 a 4500 |
| 001 |
GR-Patra27047 |
| 008 |
081024s2002 gr g b 001 0 gre d |
| 020 |
|
|
|a 9603756946
|
| 040 |
|
|
|a GrPaTEI
|b gre
|c GR-PaULI
|
| 040 |
|
|
|a GrPaTEI
|b gre
|c GR-PaULI
|
| 082 |
|
0 |
|a 150.195
|2 22
|
| 100 |
1 |
|
|a Klein, Melanie
|
| 245 |
1 |
3 |
|a Οι απαρχές της μεταβίβασης και άλλα κείμενα /
|c Melanie Klein ; Μετάφραση: Ελεάννα Πανάγου ; Θεώρηση και επιμέλεια μετάφρασης, εισαγωγή: Θανάσης Χατζόπουλος.
|
| 260 |
|
|
|a Αθήνα :
|b Μεταίχμιο,
|c c2002
|
| 300 |
|
|
|a 164 σ.
|
| 490 |
1 |
|
|a Ψυχαναλυτικοί συνειρμοί. 2
|
| 500 |
|
|
|a Τίτλος πρωτοτύπου: Envy and gratitude and other works
|
| 504 |
|
|
|a Περιλαμβάνει βιβλιογραφία: [σ. 160] και ευρετήριο.
|
| 650 |
|
0 |
|a Child analysis
|
| 650 |
|
0 |
|a Personality in children
|
| 650 |
|
0 |
|a Psychoanalysis
|
| 650 |
|
4 |
|a Παιδιά
|x Ψυχανάλυση
|
| 650 |
|
4 |
|a Ψυχανάλυση
|
| 700 |
1 |
|
|a Πανάγου, Ελεάννα
|
| 700 |
1 |
|
|a Χατζόπουλος, Θανάσης
|
| 710 |
0 |
|
|a Μεταίχμιο
|
| 830 |
|
0 |
|1 00127048
|1 2001
|a Ψυχαναλυτικοί συνειρμοί ;
|v 2
|
| 942 |
|
|
|2 ddc
|
| 952 |
|
|
|0 0
|1 0
|2 ddc
|4 0
|6 150_195000000000000_KLE
|7 0
|9 309461
|a LISK
|b LISK
|c BSC
|d 2021-01-17
|e 24
|f 0
|g 0.00
|l 0
|o 150.195 KLE
|p 92410043799
|r 2021-01-17 00:00:00
|t 1
|w 2021-01-17
|y BK15
|x 20081024 0 1
|x GrPaTEI
|
| 952 |
|
|
|0 0
|1 0
|2 ddc
|4 0
|6 150_195000000000000_KLE
|7 1
|9 309462
|a LISK
|b LISK
|c BSC
|d 2021-01-17
|e 24
|f 0
|g 0.00
|l 0
|o 150.195 KLE
|p 92410043798
|r 2021-01-17 00:00:00
|t 1
|w 2021-01-17
|y BKN
|x 20081024 0 0
|x GrPaTEI
|
| 971 |
|
|
|a .b26746190
|b 16-04-20
|c 26-09-16
|
| 999 |
|
|
|c 178214
|d 178214
|